Les Habilitats socials per a la integració sociolaboral de les persones amb intel·ligència límit : una visió des de la pràctica / autores: Pilar Figuera, Montse Freixa i Isabel Paula ; coordinació: Margarida Canadell i Rosa Domínguez una visió des de la pràctica / autores:

por Figuera Gazo, Pilar

ISBN: 978-84-9803-277-2
Descripción Física: 144 p. : taules ; 29 cm

MARC

LEADER 00000nam a2200000Ia 4500
001 21775
008 160829s2008 xx 000 0 cat d
020 |a 978-84-9803-277-2 
080 |a S-1-294 
100 |a Figuera Gazo, Pilar  |9 45832 
245 |a Les Habilitats socials per a la integració sociolaboral de les persones amb intel·ligència límit :  |b  una visió des de la pràctica / autores:  |b  Pilar Figuera, Montse Freixa i Isabel Paula ; coordinació:  |b  Margarida Canadell i Rosa Domínguez 
260 |a Barcelona :  |b Diputació de Barcelona. Àrea de Desenvolupament Econòmic,  |c 2008 
300 |a 144 p. :  |b  taules ;  |c 29 cm 
490 |a Documents de treball. Desenvolupament econòmic ; 4 
590 |a Bibliografia 
650 |9 2809 
650 0 |a Discapacitats mentals  |x Treball   |9 45833 
650 |a Habilitats socials  |9 45834 
700 |a Freixa Niella, Montserrat   |9 45835 
700 |a Paula Pérez, Isabel   |9 45836 
700 |a Canadell, Margarida, coord. I  |9 45837 
700 |a Domínguez, Rosa   |9 45838 
710 1 |a Barcelona (Catalunya : Província).  |b Àrea de Desenvolupament Econòmic  |9 52904 
901 |a Arxiu 
942 |n 1 
952 |0 0  |1 0  |4 0  |6 S1294  |7 1  |9 52832  |a Arxiu  |b Arxiu  |d 2016-12-01  |l 0  |o S-1-294  |p 21775  |r 2016-12-01 00:00:00  |w 2016-12-01  |y ARXIU 
999 |c 56681  |d 56681